000 00844cam a2200265 i 4500
001 323470
003 ARRUPE
005 20160212101755.0
008 750121s1972 enk b 000 1 fre
010 _a 74196218
020 _a0423846302 (pbk)
040 _aDLC
_cDLC
_dDLC
050 0 0 _aPQ2637.A783
_bT7
082 0 0 _a843/.9/14
100 1 _aSarraute, Nathalie.
_922273
245 1 0 _aTropismes /
_c[by] Nathalie Sarraute ; edited by Sheila M. Bell.
260 _aLondon :
_bMethuen,
_c[1972]
300 _axlvi, 64 p. ;
_c20 cm.
490 0 _aMethuen's twentieth century texts
500 _aFrench text with English introd. and notes.
504 _aBibliography: p. xlv-xlvi.
700 1 _aBell, Sheila M.
_q(Sheila Margaret),
_d1937-
_eed.
_922274
906 _a7
_bcbc
_corignew
_d3
_encip
_f19
_gy-gencatlg
942 _2lcc
_cMONOGRAPH
999 _c124168
_d124168